| 000 | 00000nam 2200000za 4500 |
| 001 | 9.694831 |
| 003 | CaOODSP |
| 005 | 20241203113637 |
| 007 | cr ||||||||||| |
| 008 | 150407s2011 quc #ob f000 0 eng d |
| 020 | |a978-1-100-19090-7 |
| 040 | |aCaOODSP|beng |
| 043 | |an-cn--- |
| 086 | 1 |aEn4-144/21-2011E-PDF |
| 245 | 00|aData sources and methods |h[electronic resource] : |bpark ecological integrity indicator. |
| 246 | 17|aCanadian environmental sustainability indicators |
| 260 | |a[Gatineau, QC] : |bEnvironment Canada, |c2011. |
| 300 | |a3 p. |
| 500 | |a"August 2011." |
| 500 | |aTitle from cover. |
| 500 | |aIssued also in French under title: Sources des données et méthodes : indicateur sur l'intégrité écologique des parcs. |
| 504 | |aIncludes bibliographical references. |
| 520 | |a"CESI reports on the ecological integrity (EI) of national parks as an indicator of the condition of Canada’s protected areas. Parks Canada conducts the most complete monitoring of protected areas and is responsible for the largest proportion of any Canadian jurisdiction. This report sets a baseline for reporting future changes in ecological integrity"--Introduction, p. 1. |
| 692 | 07|2gccst|aEnvironmental management |
| 692 | 07|2gccst|aNational parks |
| 692 | 07|2gccst|aEnvironmental indicators |
| 710 | 1 |aCanada. |bEnvironment Canada. |
| 775 | 08|tSources des données et méthodes |w(CaOODSP)9.639000 |
| 794 | |tData sources and methods for the park ecological integrity indicator |w(CaOODSP)9.696677 |
| 856 | 40|qPDF|s302 KB|uhttps://publications.gc.ca/collections/collection_2011/ec/En4-144-21-2011-eng.pdf |